Statistics for Click the Correct Decade - 20th century

Click here to take the quiz!

General Stats

  • This quiz has been taken 279 times
  • The average score is 12 of 25

Answer Stats

HintAnswer% Correct
World War I1910s
87%
Attack on Pearl Harbor1940s
86%
Sinking of the Titanic1910s
79%
Cuban Missile Crisis1960s
72%
Korean War1950s
70%
Wall Street Great Crash1920s
66%
Woodstock Festival1960s
66%
Coronation of Elizabeth II1950s
62%
Watergate Scandal1970s
62%
Rwandan genocide1990s
57%
Wright Brothers' Flyer flight1900s
51%
AIDS first observed case1980s
49%
Creation of Tetris1980s
48%
Coup by Augusto Pinochet1970s
39%
Suez Crisis1950s
37%
Russo-Japanese War1900s
34%
Construction of the Hoover Dam1930s
33%
First Macintosh Computer1980s
33%
Discovery of Penicilin1920s
31%
Deployment of Hubble Telescope1990s
29%
Orson Welles' Citizen Kane1940s
25%
Admundsen's South Pole expedition1910s
23%
Mao Zedong Long March1930s
17%
First person to run 100m under 10 seconds1960s
10%
Picasso's Blue Period1900s
8%

Score Distribution

Percentile by Number Answered

Percent of People with Each Score

Your Score History

You have not taken this quiz